Name a 50 Point Scorer for Each NBA Team - Statistics

General Stats
  • This quiz has been taken 346 times
    179 since last reset
  • The average score is 28 of 30
Answer Stats
Hint Answer % Correct
Celtics Jayson Tatum | Larry Bird | Isaiah Thomas | Sam Jones | Jaylen Brown | Ray Allen | Paul Pierce | Kevin McHale | John Havlicek | Bob Cousy
100%
76ers/Nationals Wilt Chamberlain | Allen Iverson | Joel Embiid | Dana Barros | Willie Burton | Moses Malone | Billy Cunningham | Hal Greer | Dolph Schayes | Tyrese Maxey
100%
Bucks Kareem Abdul-Jabbar | Giannis Antetokounmpo | Michael Redd | Jrue Holiday | Khris Middleton | Brandon Jennings
99%
Lakers Kobe Bryant | Elgin Baylor | Jerry West | George Mikan | LeBron James | Anthony Davis | Shaquille O'Neal | Wilt Chamberlain | Cedric Ceballos | Gail Goodrich | Rudy LaRusso
99%
Cavaliers LeBron James | Kyrie Irving | Donovan Mitchell | Darius Garland | Walt Wesley
99%
Bulls Michael Jordan | Zach LaVine | Jimmy Butler | DeMar DeRozan | Jamal Crawford | Chet Walker
99%
Heat Dwyane Wade | LeBron James | Jimmy Butler | Alonzo Mourning | Glen Rice
97%
Nuggets Jamal Murray | Nikola Jokić | Carmelo Anthony | Alex English | Kiki VanDeWeghe | Allen Iverson | Mahmoud Abdul-Rauf | Michael Adams | David Thompson | Aaron Gordon
97%
Knicks Bernard King | Richie Guerin | Carmelo Anthony | Allan Houston | Patrick Ewing | Jalen Brunson | Julius Randle | Jamal Crawford | Willis Reed
96%
Mavericks Luka Dončić | Dirk Nowitzki | Jim Jackson | Jamal Mashburn
96%
Magic Tracy McGrady | Shaquille O'Neal | Nick Anderson | Paolo Banchero
96%
Hawks Dominique Wilkins | Bob Pettit | Trae Young | Pete Maravich | Shareef Abdur-Rahim | John Drew | Lou Hudson | Cliff Hagan
95%
Grizzlies Ja Morant
95%
Suns Devin Booker | Tom Chambers | Jamal Crawford | Amar'e Stoudemire | Tony Delk | Clifford Robinson | Charles Barkley
93%
Spurs George Gervin | David Robinson | LaMarcus Aldridge | Tony Parker | Tim Duncan | Terry Cummings | Larry Kenon | Victor Wembanyama
93%
Rockets James Harden | Hakeem Olajuwon | Moses Malone | Elvin Hayes | Kevin Porter Jr. | Eric Gordon | Vernon Maxwell | Calvin Murphy
93%
Hornets/Bobcats Kemba Walker | LaMelo Ball
93%
Nets Kyrie Irving | Kevin Durant | Caris LeVert | Deron Williams | Vince Carter | Stephon Marbury | Ray Williams | Mike Newlin | John Williamson
93%
Warriors Wilt Chamberlain | Rick Barry | Stephen Curry | Klay Thompson | Kevin Durant | Antawn Jamison | Purvis Short | Phil Smith | D'Angelo Russell | Jamal Crawford | Sleepy Floyd | Joe Barry Carroll | Bernard King | Neil Johnston | Joe Fulks
93%
Jazz Adrian Dantley | Karl Malone | Pete Maravich | Donovan Mitchell | Truck Robinson
92%
Kings/Royals Nate Archibald | DeMarcus Cousins | Oscar Robertson | Jack Twyman | Kevin Martin | Chris Webber | De'Aaron Fox
91%
Thunder/SuperSonics Russell Westbrook | Kevin Durant | Ray Allen | Rashard Lewis | Dale Ellis | Fred Brown | Spencer Haywood | Shai Gilgeous-Alexander
91%
Timberwolves Karl-Anthony Towns | Derrick Rose | Mo Williams | Corey Brewer | Kevin Love | Anthony Edwards
90%
Pacers T.J. Warren | Jermaine O'Neal | Reggie Miller | Billy Knight
90%
Trail Blazers Damian Lillard | Geoff Petrie | CJ McCollum | Andre Miller | Brandon Roy | Damon Stoudamire | Clyde Drexler
88%
Raptors Vince Carter | Pascal Siakam | Fred VanVleet | DeMar DeRozan | Terrence Ross
87%
Pelicans/Hornets Anthony Davis | Jamal Mashburn | CJ McCollum
85%
Wizards/Bullets Bradley Beal | Gilbert Arenas | Bernard King | John Wall | Michael Jordan | Tracy Murray | Moses Malone | Phil Chenier | Earl Monroe
84%
Clippers/Braves Bob McAdoo | Lou Williams | Charles Smith | Freeman Williams | James Harden
76%
Pistons George Yardley | Saddiq Bey | Blake Griffin | Richard Hamilton | Jerry Stackhouse | Kelly Tripucka | Dave Bing | Malachi Flynn
62%
No matching quizzes found
Score Distribution
Percent of People with Each Score
Percentile by Number Answered
Your Score History
You have not taken this quiz since the last reset